Crying wolf (Record no. 83882)

MARC details
000 -LEADER
fixed length control field 00717cab a22001935a 4500
001 - CONTROL NUMBER
control field L155587
008 - FIXED-LENGTH DATA ELEMENTS--GENERAL INFORMATION
fixed length control field 120329e20120317xxk 000 0 eng d
035 ## - SYSTEM CONTROL NUMBER
System control number (Sirsi) u155587
041 0# - LANGUAGE CODE
Language code of text/sound track or separate title eng
100 1# - MAIN ENTRY--PERSONAL NAME
Personal name Havard, Tim
245 00 - TITLE STATEMENT
Title Crying wolf
260 ## - PUBLICATION, DISTRIBUTION, ETC.
Place of publication, distribution, etc. London
Name of publisher, distributor, etc. Estates Gazette
Date of publication, distribution, etc. 2012
490 ## - SERIES STATEMENT
Series statement Estates Gazette
Volume/sequential designation (1211) 17 March 2012, 84-86(2)
520 ## - SUMMARY, ETC.
Summary, etc. Suggests changes in the nature of valuation approaches in the UK as lease lengths become shorter. Notes that most of Europe and the United States traditionally uses a cash flow approach and encourages UK valuers to consider the advantages of this method.
590 ## - LOCAL NOTE (RLIN)
Local note KA
651 #4 - SUBJECT ADDED ENTRY--GEOGRAPHIC NAME
Geographic name United Kingdom
690 ## - LOCAL SUBJECT ADDED ENTRY--TOPICAL TERM (OCLC, RLIN)
Topical term or geographic name as entry element Valuation
9 (RLIN) 6273
942 ## - ADDED ENTRY ELEMENTS (KOHA)
Suppress in OPAC 0
Holdings
Withdrawn status Lost status Source of classification or shelving scheme Damaged status Not for loan Home library Current library Shelving location Date acquired Total Checkouts Full call number Barcode Date last seen Copy number Price effective from Koha item type
    Dewey Decimal Classification     London London Journal article 29/03/2012   L155587 155587-1001 06/08/2019 1 06/08/2019 Journal article